00915cam a22002651 4500001001300000003000400013005001700017008004100034010001700075035001900092040002500111042001200136050002400148082001100172110002900183245015300212260002300365300005800388490005000446504002600496650002700522650002600549810005700575999001700632gs 50000058 DLC20260227111356.0760811s1949 aluab 000 0 eng  ags 50000058  a(OCoLC)2365545 aDLCcOAUdOCoLCdDLC apremarc00aGB1025.A2bA55 1949 a551.482 aGeological Survey (U.S.)00aWater resources and hydrology of southeastern Alabama.cPrepared by the U.S. Geological Survey in cooperation with the Geological Survey of Alabama. aUniversity,c1949. a xi, 265 p.billus., 2 fold. maps (in pocket)c23 cm.1 aAlabama. Geological Survey. Special report 20 aBibliography: p. 265. 0aWater-supplyzAlabama. 0aGroundwaterzAlabama.2 aGeological Survey of Alabama.tSpecial report ;v20. c28439d28439